|
|
|
|
| LEADER |
00000nab a2200000 ar4500 |
| 001 |
vtls010097040 |
| 003 |
SK-MaSNL |
| 005 |
20260304052438.0 |
| 008 |
100519c2010 xo wr|p|||||||000 b|slo |
| 015 |
|
|
|a SNBRB2010/05
|2 snkbucl
|
| 040 |
|
|
|a SNKBUCL
|b slo
|c SNKBUCL
|e AACR2
|
| 041 |
0 |
|
|a slo
|
| 044 |
|
|
|a xo
|c SK
|
| 080 |
|
|
|a 908
|x (460)
|2 2001
|
| 100 |
1 |
|
|a Svoreňová, Soňa
|4 aut
|9 1036066
|
| 245 |
1 |
0 |
|a Ostrov liečivých prameňov
|c Soňa Svoreňová, Michal Feik
|
| 300 |
|
|
|b Fotogr.
|
| 650 |
0 |
7 |
|a cestovanie
|2 snkbucl
|9 18846
|
| 651 |
|
7 |
|a Ischia (Taliansko)
|2 snkbucl
|9 28050
|
| 651 |
|
7 |
|a Taliansko
|2 snkbucl
|9 21019
|
| 655 |
|
7 |
|a reportáže
|2 snkbucl
|9 28856
|
| 773 |
0 |
|
|t Slovo : spoločensko-politický týždenník
|g Roč. XII, č. 17 (2010), s. 30-31
|x 1336-2984
|
| 852 |
|
|
|a SNK
|b KIS3GCP
|
| 856 |
4 |
1 |
|u http://www.noveslovo.sk
|
| 958 |
|
|
|a IT
|
| 999 |
|
|
|c 2708253
|d 2710183
|